|
|
|
|
| LEADER |
01347nam a2200349 i 4500 |
| 001 |
38909 |
| 003 |
BD-DhAAL |
| 005 |
20220614125016.0 |
| 008 |
220614r20131979nyua 001 0 eng d |
| 999 |
|
|
|c 44329
|d 44329
|
| 010 |
|
|
|a 78017078
|
| 020 |
|
|
|a 1259064824
|
| 020 |
|
|
|a 9781259064821
|
| 020 |
|
|
|a 9780070006577
|
| 040 |
|
|
|a DLC
|c DLC
|d DLC
|d BD-DhAAL
|
| 050 |
0 |
0 |
|a QA331
|b .A45 1979
|
| 082 |
0 |
0 |
|a 515.93
|
| 100 |
1 |
|
|a Ahlfors, Lars V.
|q (Lars Valerian),
|d 1907-1996.
|9 49324
|
| 245 |
1 |
0 |
|a Complex analysis :
|b an introduction to the theory of analytic functions of one complex variable /
|c Lars V. Ahlfors.
|
| 250 |
|
|
|a Third edition
|
| 260 |
|
|
|a New York :
|b McGraw-Hill Education,
|c c1979 [reprinted 2013].
|
| 300 |
|
|
|a xiv, 331 pages :
|b illustrations ;
|c 24 cm.
|
| 490 |
0 |
|
|a International series in pure and applied mathematics
|
| 500 |
|
|
|a Includes index.
|
| 526 |
|
|
|a MNS
|
| 541 |
|
|
|a Trim Education
|e 38909
|
| 650 |
|
0 |
|a Analytic functions.
|9 49325
|
| 650 |
|
0 |
|a Mathematics.
|9 49326
|
| 830 |
|
|
|a International series in pure and applied mathematics
|9 49327
|
| 852 |
|
|
|a Ayesha Abed Library
|c General Stacks
|
| 942 |
|
|
|2 ddc
|c BK
|
| 952 |
|
|
|0 0
|1 0
|2 ddc
|4 0
|6 515_930000000000000_AHL
|7 0
|9 70827
|a BRACUL
|b BRACUL
|c GEN
|d 2022-06-06
|e Trim Education
|g 500.00
|l 4
|m 28
|o 515.93 AHL
|p 3010038909
|r 2025-11-19
|s 2025-10-21
|t 1
|v 500.00
|w 2022-06-06
|y BK
|